01317nam a22001817a 4500003000400000005001700004008004100021020001500062040002600077041000800103082001800111100003200129245003900161520078000200942001200980999001700992952012601009OSt20250619115326.0230518s2003 |||||||| |||| 00| f eng d a0440241537 aCO-JMCRbspacCO-JMCR0 aeng aA-NbGRIk2231 aGrisham, John / eautor95214aThe king of torts / cJohn Grisham aThe Office of the Public Defender is not known as a training ground for bright young litigators. Clay Carter has been there too long, and, like most of his colleagues, dreams of a better job in a real firm. When he reluctantly takes the case of a young man charged with a random street killing, he assumes it is just another of the many senseless murders that hit D.C. every week. As he digs into the background of his client, Clay stumbles on a conspiracy too horrible to believe. He suddenly finds himself in the middle of a complex case against one of the largest pharmaceutical companies in the world and looking at the kind of enormous settlement that would totally change his life - that would make him, almost overnight, the legal profession's newest king of torts... 2ddccBK c30038d16422 00102ddc4070aCPLbCPLcNEWd2023-05-18eDonaciónl0oA-N GRIkp201811859r2023-05-18 00:00:00tEj.1w2023-05-18yBK